| 000 | 00903nam a2200277Ia 4500 | ||
|---|---|---|---|
| 003 | OSt | ||
| 005 | 20221005092425.0 | ||
| 006 | a|||||r|||| 00| 0 | ||
| 007 | ta | ||
| 008 | 221004b |||||||| |||| 00| 0 eng d | ||
| 020 |
_a9780367025823 (pbk) _cUKP 36.99 |
||
| 024 | _a66868 | ||
| 037 |
_b131, 06/02/2020, Classic Book Service _cTextual |
||
| 040 |
_aCRL _cCRL _beng |
||
| 041 |
_2eng _aeng |
||
| 082 | _aV73:71, R0 | ||
| 100 |
_aMason Randall Ed. _9617298 |
||
| 245 | 0 |
_aGiving preservation a history _b histories of historic preservation in the United States |
|
| 250 | _a2nd | ||
| 260 |
_aNew York _bRoutledge USA _c2020 |
||
| 300 |
_axvi,439p. _ccm. |
||
| 650 |
_aUNITED STATES - HISTORY _931585 |
||
| 700 |
_a Page Max Ed. _9617299 |
||
| 942 |
_hV73:71, R0 _cTEXL _2cc |
||
| 999 |
_c998822 _d998822 |
||